<?xml version="1.0" encoding="UTF-8"?>
<collection xmlns="http://www.loc.gov/MARC21/slim">
 <record>
  <leader>00891nam a2200205 a 4500</leader>
  <controlfield tag="001">1/54360</controlfield>
  <controlfield tag="008">211104s1993    be            100 | eng d</controlfield>
  <datafield tag="020" ind1=" " ind2=" ">
   <subfield code="a">2872631127</subfield>
  </datafield>
  <datafield tag="040" ind1=" " ind2=" ">
   <subfield code="a">GR-PeUP</subfield>
  </datafield>
  <datafield tag="082" ind1="0" ind2="0">
   <subfield code="a">574.5 DES</subfield>
  </datafield>
  <datafield tag="111" ind1="2" ind2="0">
   <subfield code="a">Design and execution of experiments on CO2 enrichment</subfield>
   <subfield code="d">(1992 :</subfield>
   <subfield code="c">Weidenberg, Germany)</subfield>
  </datafield>
  <datafield tag="245" ind1="1" ind2="0">
   <subfield code="a">Design and execution of experiments on CO2 enrichment, proceedings of a workshop held at Weidenberg, Germany, October 26 to 30, 1992 /</subfield>
   <subfield code="c">edited by E. Detlef Schulze and Harold A. Mooney.</subfield>
  </datafield>
  <datafield tag="260" ind1=" " ind2=" ">
   <subfield code="a">Brussels :</subfield>
   <subfield code="b">ECSC-EC-EAEC,</subfield>
   <subfield code="c">1993.</subfield>
  </datafield>
  <datafield tag="300" ind1=" " ind2=" ">
   <subfield code="a">420 σ. ;</subfield>
   <subfield code="c">25 εκ.</subfield>
  </datafield>
  <datafield tag="650" ind1=" " ind2="0">
   <subfield code="a">Ecology</subfield>
   <subfield code="x">Research</subfield>
   <subfield code="x">Congresses.</subfield>
  </datafield>
  <datafield tag="650" ind1=" " ind2="4">
   <subfield code="a">Οικολογία</subfield>
   <subfield code="x">Έρευνα</subfield>
   <subfield code="x">Συνέδρια.</subfield>
  </datafield>
  <datafield tag="700" ind1="1" ind2=" ">
   <subfield code="a">Schulze, E.-D.</subfield>
   <subfield code="q">(Ernst-Detlef),</subfield>
   <subfield code="d">1941-</subfield>
  </datafield>
  <datafield tag="700" ind1="1" ind2=" ">
   <subfield code="a">Mooney, Harold A.</subfield>
  </datafield>
  <datafield tag="852" ind1=" " ind2=" ">
   <subfield code="a">INST</subfield>
   <subfield code="b">UNIPILB</subfield>
   <subfield code="c">MAIN</subfield>
   <subfield code="e">20211104</subfield>
   <subfield code="h">574.5 DES</subfield>
   <subfield code="p">00186145</subfield>
   <subfield code="q">00186145</subfield>
   <subfield code="t">LOAN</subfield>
   <subfield code="y">0</subfield>
   <subfield code="4">1</subfield>
  </datafield>
  <datafield tag="960" ind1=" " ind2=" ">
   <subfield code="a">ΜΑΡΙΑ ΒΕΛ</subfield>
  </datafield>
 </record>
</collection>
